LEADER 01128nam0 2200301 450 001 000022031 005 20090126094353.0 100 $a20090126d1969----km-y0itay50------ba 101 0 $aita 102 $aIT 105 $ay-------001yy 200 1 $aCodice delle leggi sulla navigazione marittima, interna e aerea$eappendice speciale: codice internazionale dei segnali - norme per prevenire gli abbordi - bandiere nazionali$fDante Gaeta, Gabriele Pescatore 205 $a2. ed. riv. ed aggiornata 210 $aMilano$cA. Giuffrè$d1969 215 $a213 p.$c17 cm 225 2 $aCollezione legislativa 410 0$12001$aCollezione legislativa 500 10$aCodice delle leggi sulla navigazione marittima, interna e aerea$946905 610 1 $aNavigazione$aLegislazione 676 $a343.09$v21 702 1$aPescatore,$bGabriele 702 1$aGaeta,$bDante 710 02$aItalia$4040$0423419 801 0$aIT$bUNIPARTHENOPE$c20090126$gRICA$2UNIMARC 912 $a000022031 951 $aS AN 343.09/6$bS 417$cDSA$d2009 996 $aCodice delle leggi sulla navigazione marittima, interna e aerea$946905 997 $aUNIPARTHENOPE LEADER 01377nam0 22002891i 450 001 UON00386268 005 20231205104551.671 010 $a978-29-304-4911-1 100 $a20101125d2007 |0itac50 ba 101 $afre 102 $aBE 105 $a|||| ||||| 200 1 $aˆLe ‰monnayage en argent d'Athènes$eDe l'epoque archaïque à l'époque hellenistique (c. 550 - c. 40 av. J.-C.)$fChristophe Flament 210 $aLouvain-la-Neuve$cAssociation de numismatique professeur Marcel Hoc$d2007 215 $a310 p., c. di tav.$cill.$d23 cm 410 1$1001UON00387385$12001 $aÉtudes numismatiques Université catholique de Louvain$1210 $aLouvain-la-Neuve$cAssociation de numismatique professeur Marcel Hoc$d2007-$v1 606 $aMONETE GRECHE$xCataloghi$3UONC031872$2FI 620 $aBE$dLouvain$3UONL000316 676 $a737.4938$cMONETE - Grecia antica$v21 700 1$aFLAMENT$bChristophe$3UONV153078$0704637 712 $aAssociation de numismatique professeur Marcel Hoc$3UONV277655$4650 801 $aIT$bSOL$c20240220$gRICA 899 $aSIBA - SISTEMA BIBLIOTECARIO DI ATENEO$2UONSI 912 $aUON00386268 950 $aSIBA - SISTEMA BIBLIOTECARIO DI ATENEO$dSI J 316 $eSI MC 33547 5 996 $aMonnayage en argent d'Athènes$91353344 997 $aUNIOR